22 huérfanos (Registro nro. 57478)

Detalles MARC
000 -CABECERA
Longitud fija campo de control 01406nam a2200385 i 4500
003 - • IDENTIFICADOR DELl NÚMERO DE CONTROL
Identificador del número de control CO-BoRNBP
005 - • FECHA Y HORA DE LA ÚLTIMA TRANSACCIÓN
Fecha y hora de la última transacción 20250703143730.0
007 - • CAMPO FIJO DE DESCRIPCIÓN FÍSICA
Campo fijo de descripción física ta
008 - • CÓDIGOS DE INFORMACIÓN DE LONGITUD FIJA
Códigos de información de longitud fija 210819s2017 mx a br 000 j spa d
020 ## - • NÚMERO INTERNACIONAL NORMALIZADO PARA LIBROS
Número Internacional Normalizado para Libros (ISBN) 9789681662912
040 ## - FUENTE DE LA CATALOGACIÓN
Centro catalogador de origen CO-BoRNBP
Lengua de catalogación spa
Normas de descripción rda
Centro transcriptor CO-BoRNBP
041 1# - • CÓDIGO DE LENGUA
Código de lengua del texto/banda sonora o título independiente spa
Código de lengua original dut
043 ## - CÓDIGO DE ÁREA GEOGRÁFICA
Código de área geográfica e-ne---
084 ## - • Clasificación Local Alfanúmerica PNLB
Número de clasificación C VEL4
100 ## - • PUNTO DE ACCESO PRINCIPAL-NOMBRE DE PERSONA
Nombre de persona Veldkamp, Tjibbe
Fechas asociadas al nombre 1962-
Término indicativo de función autor.
245 10 - • TITULO PROPIAMENTE DICHO
Título 22 huérfanos
Mención de responsabilidad, etc. texto Tjibbe Veldkamp; ilustraciones de Philip Hopman ; traducción de Ernestina Loyo
246 32 - • VARIANTES DE TÍTULO
Título propio / Título en breve Veintidós huérfanos
250 ## - • MENCIÓN DE EDICIÓN
Mención de edición Primera edición.
Resto de la mención de edición Tercera reimpresión
264 #1 - PRODUCCIÓN, PUBLICACIÓN , DISTRIBUCIÓN, FABRICACIÓN Y COPYRIGHT
Lugar de producción, publicación, distribución, fabricación México
Nombre del productor, editor, distribuidor, fabricante Editorial Fondo de Cultura Económica
Fecha de de producción, publicación, distribución, fabricación o copyright 2017
300 ## - • DESCRIPCIÓN FÍSICA
Extensión 26 páginas
Otras características físicas ilustraciones
Dimensiones 29 cm
336 ## - TIPO DE CONTENIDO
Término de tipo de contenido texto
Código de tipo de contenido txt
Fuente rdacontenido
337 ## - TIPO DE MEDIO
Nombre del tipo de medio sin mediación
Código del tipo de medio n
Fuente rdamedio
338 ## - TIPO DE SOPORTE
Nombre del tipo de soporte volumen
Código del tipo de soporte nc
Fuente rdasoporte
490 0# - • MENCIÓN DE SERIE
Mención de serie Los Especiales de a la Orilla del Viento
521 1# - • NOTA DE PÚBLICO DESTINATARIO
Nota público destinatario (R ) Recomendado para un público infantil mayor de 8 años.
534 ## - • Nota De Versión Original
Título 22 Wezen
650 07 - • PUNTO DE ACCESO ADICIONAL DE MATERIA - TÉRMINO DE MATERIA
Término de materia o nombre geográfico como elemento inicial Alegría en la literatura
Subdivisión de materia general Juegos
Fuente del encabezamiento o término LEMB
650 00 - • PUNTO DE ACCESO ADICIONAL DE MATERIA - TÉRMINO DE MATERIA
Término de materia o nombre geográfico como elemento inicial Cuentos infantiles holandeses
Subdivisión cronológica Siglo XX
Fuente del encabezamiento o término LEMB
650 00 - • PUNTO DE ACCESO ADICIONAL DE MATERIA - TÉRMINO DE MATERIA
Término de materia o nombre geográfico como elemento inicial Literatura infantil holandesa
Subdivisión cronológica Siglo XX
Fuente del encabezamiento o término LEMB
650 07 - • PUNTO DE ACCESO ADICIONAL DE MATERIA - TÉRMINO DE MATERIA
Término de materia o nombre geográfico como elemento inicial Aptitud creadora en niños
Subdivisión de materia general Creatividad
Fuente del encabezamiento o término LEMB
700 ## - • PUNTO DE ACCESO ADICIONAL - NOMBRE DE PERSONA
Nombre de persona Hopman, Philip
Término indicativo de función liustrador.
700 ## - • PUNTO DE ACCESO ADICIONAL - NOMBRE DE PERSONA
Nombre de persona Loyo, Ernestina
Término indicativo de función traductora.
942 ## - ENTRADA DE ELEMENTOS AGREGADOS (KOHA)
Fuente de clasificaión o esquema
Koha [por defecto] tipo de item Literatura Infantil
Existencias
Perdido Fuente de clasificación o esquema Estado Físico No para préstamo Forma de adquisición Localización permanente Localización actual Localización en estanterías Fecha adquisición Préstamos totales Signatura completa Código de barras Fecha última consulta Número de copia Fecha del precio de reemplazo Tipo de item de Koha
  Dewey Decimal Classification     Infantil Biblioteca Pública La Macarena Biblioteca Pública La Macarena Sala Infantil 07/03/2025   C VEL4 LM02345 07/03/2025 Ej.1 07/03/2025 Literatura Infantil
  Dewey Decimal Classification     Infantil Biblioteca Pública San Juan de Arama - Concepción de Arama Biblioteca Pública San Juan de Arama - Concepción de Arama Sala Infantil 02/26/2026   C VEL4 SJA01652 02/26/2026 Ej.1 02/26/2026 Literatura Infantil









Instituto Departamental de Cultura del Meta - Red Departamental de Bibliotecas Públicas del Meta.